LDR 01260nam a2200229 i 4500 001 000000018048 003 CaOOAMICUS 005 20260424115027.0 008 180830s1957 gw u000 u und u 040 $aSeMil$bita 100 1 $aScheler, Max,$d<1874-1928>.$0(OLS)http://semarc/name/7920 245 10$aSchriften aus dem Nachlass /$cMax Scheler. 260 $aBern ; München :$bFrancke,$c1957-1990. 300 $a4 v. ;$c24 cm. 773 0 $aScheler, Max <1874-1928>$tGesammelte Werke.$dBern ; München : Francke : [poi]... Bonn : Bouvier, 1971-1990.$w()17321 774 0 $aScheler, Max <1874-1928>$tPhilosophische Anthropologie.$dBonn : Bouvier, 1987.$z3-416-01945-8$gBd. 1$w()38108 774 0 $aScheler, Max <1874-1928>$tErkenntnislehre und Metaphysik.$dBern ; München : Francke, 1979.$z3-7720-1040-7$gBd.2$w()38109 774 0 $aScheler, Max <1874-1928>$tEthik und Erkenntnislehre.$b2. durchgesehene Aufl.$dBern ; München : Francke, 1957.$gBd. 3$w()38193 774 0 $aScheler, Max <1874-1928>$tPhilosophie und Geschichte.$dBonn : Bouvier, 1990.$z3-416-01953-9$gBd.4$w()38126 996 $6245$aSchriften aus dem Nachlass$9(OLS)http://semarc/title/23826 996 $6260$aBern ; München :$bFrancke$9(OLS)http://semarc/publisher/34775